Mastering ventura (Record no. 39698)

MARC details
000 -LEADER
fixed length control field 00277nam a2200121Ia 4500
082 ## - DEWEY DECIMAL CLASSIFICATION NUMBER
Classification number 681.31
Item number HOL
100 ## - MAIN ENTRY--AUTHOR NAME
Personal name Holtz, Matthew
245 #0 - TITLE STATEMENT
Title Mastering ventura
260 ## - PUBLICATION, DISTRIBUTION, ETC. (IMPRINT)
Place of publication Delhi
Name of publisher BPB
Year of publication 1988
650 ## - SUBJECT ADDED ENTRY--TOPICAL TERM
Topical Term Ventura
942 ## - ADDED ENTRY ELEMENTS (KOHA)
Koha item type Books
Holdings
Withdrawn status Lost status Damaged status Not for loan Home library Current library Date acquired Cost, normal purchase price Full call number Accession Number Koha item type
        RRII Library RRII Library 16/12/2021 90.00 681.31 HOL 20027 Books